The Making of the Mayor (Запис № 280085)

МАРК-запис
000 -LEADER
fixed length control field 00551nam a22001697a 4500
020 ## - INTERNATIONAL STANDARD BOOK NUMBER
International Standard Book Number 9780802870473
041 ## - LANGUAGE CODE
Language code of text/sound track or separate title eng
080 ## - UNIVERSAL DECIMAL CLASSIFICATION NUMBER
Universal Decimal Classification number 82
090 ## - LOCALLY ASSIGNED LC-TYPE CALL NUMBER (OCLC); LOCAL CALL NUMBER (OCLC)
Local cutter number (OCLC) ; Book number/undivided call number, CALL (RLIN) HOL
100 ## - MAIN ENTRY--PERSONAL NAME
Personal name Holli, Melvin G.
245 ## - TITLE STATEMENT
Title The Making of the Mayor
260 ## - PUBLICATION, DISTRIBUTION, ETC. (IMPRINT)
Place of publication, distribution, etc Michigan
Name of publisher, distributor, etc WilliamEerdmans Publishing Company
Date of publication, distribution, etc 1983
300 ## - PHYSICAL DESCRIPTION
Extent 172
520 ## - SUMMARY, ETC.
Summary, etc Like any good story, this book mayoral race had an intriguing cast of characters. The incumbent was Jane M. Byrne, Chicagos first woman major.
-- Literature, Fiction, American Literature
650 ## - SUBJECT ADDED ENTRY--TOPICAL TERM
Topical term or geographic name as entry element Politics
942 ## - ADDED ENTRY ELEMENTS (KOHA)
Koha item type Книги
Фонди
Withdrawn status Lost status Source of classification or shelving scheme Damaged status Not for loan Home library Current library Date acquired Source of acquisition Coded location qualifier Cost, normal purchase price Total Checkouts Full call number Barcode Date last seen Price effective from Koha item type
    Universal Decimal Classification     ВІЛ - Відділ іноземн. літератури НБ ВІЛ - Відділ іноземн. літератури НБ 08/08/2005 №346 F32 3.00   82 205273 19/11/2021 08/02/1999 Книги